Statistiken für Kolonien Portugals

Klicken Sie hier um das Quiz zu spielen!

Allgemein

  • Dieses Quiz wurde 36 mal gespielt
  • Das Durchschnittsergebnis liegt bei 12 aus 34

Antwortstatistiken

Land% Korrekt
19Brasilien
100%
7Angola
72%
15Mosambik
63%
8Äquatorialguinea
56%
31China
56%
2Kap Verde
50%
1Marokko
50%
6Ghana
47%
27Indien
47%
33Indonesien
47%
5Senegal
44%
11Sao Tome und Principe
41%
12Somalia
41%
4Guinea-Bissau
38%
32Japan
38%
17Madagaskar
38%
30Malaysia
38%
16Tansania
34%
20Uruguay
34%
14Kenia
31%
3Mauretanien
31%
9Nigeria
31%
10Benin
28%
13Komoren
28%
26Jemen
19%
25Oman
19%
34Osttimor
19%
29Malediven
16%
24Iran
13%
22Kanada
13%
23Bahrain
9%
28Bangladesch
9%
18Barbados
6%
21Französisch-Guyana
0%

Verteilung der Resultate

Perzentil nach korrekt beantworteten Fragen

Anzahl Personen mit jedem Resultat

Ihre Resultats-Entwicklung

Sie haben dieses Quiz noch nicht gespielt